| 000 | 00749 a2200229 4500 | ||
|---|---|---|---|
| 001 | 76020 | ||
| 005 | 20260325125128.0 | ||
| 010 |
_a978-65-266-3269-7 _bv.1) |
||
| 010 |
_a978-65-266-4666-3 _bv.2) |
||
| 090 | _a76020 | ||
| 100 | _a20260320g2024 m||y0pory50 ba | ||
| 101 | _apor | ||
| 102 | _aPT | ||
| 200 |
_aInterdimensional _fRoze Naomi |
||
| 210 |
_a[S.l. _cs.n.] _d2025 |
||
| 215 | _a vol. | ||
| 300 | _aLivro autografado pelo autor | ||
| 327 |
_aVol. 1 : A grande transiȯ̂ : sobrevivers̀?. - 2024. - 379, [7] p. - _aVol. 2 : O segredo da fachada : atreves-te?. -2025. - 356, [4] p. _aVol. 3 : A trilha ms̕tica : desvendars̀?. -2025. -402, [6] p. |
||
| 675 |
_a133.2 _vBN _zpor |
||
| 675 |
_a159.922 _vBN _zpor |
||
| 801 |
_aPT _bBN _gRPC |
||
| 942 |
_n0 _cMON |
||